Banderas con Verde - ¡Muerte súbita! - Estadísticas

Estadísticas generales
  • Esta prueba ha sido intentada 98 veces
  • La puntuación promedio es 15 de 24
Answers on the Grid
Answers color-coded by a green-red scale on the quiz's grid according to % correct below.
Arabia Saudí
Bangladesh
Bulgaria
Camerún
Madagascar
Etiopía
Gabón
Gambia
Granada
Islas Salomón
Kuwait
Malawi
Malí
Mozambique
Níger
Portugal
Senegal
Sudán del Sur
Surinam
Tayikistán
Vanuatu
Zimbabue
San Cristóbal y Nieves
Mauricio
Angola
Argentina
Austria
Corea del Norte
Costa Rica
Filipinas
Georgia
Francia
Indonesia
Islandia
Laos
Letonia
Mongolia
Nepal
Palau
Perú
Qatar
Reino Unido
Rumanía
República Democrática del Congo
Suecia
Suiza
Tailandia
Trinidad y Tobago
 
Estadísticas de respuestas
Respuesta % Correcto
Senegal
88%
Arabia Saudí
85%
Portugal
82%
Níger
79%
Camerún
76%
Bulgaria
71%
Mauricio
71%
Bangladesh
68%
Etiopía
68%
Gabón
68%
Madagascar
68%
Granada
65%
Kuwait
65%
Mozambique
65%
Tayikistán
65%
Zimbabue
62%
Malí
59%
Gambia
56%
San Cristóbal y Nieves
56%
Sudán del Sur
56%
Surinam
53%
Malawi
47%
Vanuatu
47%
Islas Salomón
29%
No se encontraron pruebas coincidentes
Distribución de puntuación
Porcentaje de gente con cada puntuación
Porcentaje por número respondido
Historial de tus puntuaciones
No has intentado esta prueba.